[Event "Maastricht Limburg op-C 4th"]
[Site "Maastricht"]
[Date "2010.05.24"]
[Round "6"]
[White "Esser, Thomas"]
[Black "Laarhoven, Marcel"]
[Result "1-0"]
[WhiteElo "1677"]
[BlackElo "1716"]
[PlyCount "119"]
[EventDate "2010.05.21"]
[EventType "swiss"]
[EventRounds "7"]
[EventCountry "NED"]
[SourceTitle "EXT 2011"]
[Source "ChessBase"]
[SourceDate "2010.11.26"]
[SourceVersion "1"]
[SourceVersionDate "2010.11.26"]
[SourceQuality "1"]

1. e4 d5 2. exd5 Qxd5 3. Nf3 Nf6 4. d4 c6 5. Be2 e6 6. 0-0 Nbd7 7. c4 Qa5 8. Bf4 Nh5 9. Bg5 h6 10. Be3 Nhf6 11. a3 Ng4 12. Bf4 Qf5 13. Bg3 Ngf6 14. Nc3 Be7 15. Re1 Nb6 16. Ne5 Qh7 17. Bd3 g6 18. Qf3 0-0 19. Rad1 Qg7 20. Ne2 Nh5 21. Nf4 Nxf4 22. Bxf4 Nd7 23. Ng4 g5 24. Bd2 f5 25. Ne3 g4 26. Qe2 Nf6 27. Nxf5 exf5 28. Qxe7 Rf7 29. Qe3 Kh7 30. Bc3 Bd7 31. Qf4 Qg6 32. Qd6 Kg7 33. Re7 Raf8 34. d5 cxd5 35. Bxf6+ Qxf6 36. Rxd7 Rxd7 37. Qxd7+ Rf7 38. Qxd5 Qxb2 39. Bxf5 Qf6 40. Bd3 Qxf2+ 41. Kh1 Qf4 42. Qe4 Qxe4 43. Bxe4 Re7 44. Bd5 h5 45. Kg1 Re3 46. Bxb7 Rxa3 47. c5 Kf6 48. c6 Rc3 49. Ra1 h4 50. Rxa7 g3 51. Ra1 Ke5 52. Rd1 Rc2 53. hxg3 hxg3 54. Kf1 Kf4 55. Re1 Rf2+ 56. Kg1 Rc2 57. Ra1 Ke5 58. Kf1 Kd6 59. Ra3 Rf2+ 60. Kg1 1-0